The Hacker Playbook 3 / (Record no. 590642)
[ view plain ]
| 000 -LEADER | |
|---|---|
| fixed length control field | 00931nam a22001817a 4500 |
| 003 - CONTROL NUMBER IDENTIFIER | |
| control field | NUST |
| 005 - DATE AND TIME OF LATEST TRANSACTION | |
| control field | 20250826111333.0 |
| 008 - FIXED-LENGTH DATA ELEMENTS--GENERAL INFORMATION | |
| fixed length control field | 220726b ||||| |||| 00| 0 eng d |
| 020 ## - INTERNATIONAL STANDARD BOOK NUMBER | |
| International Standard Book Number | 9781980901754 |
| 082 ## - DEWEY DECIMAL CLASSIFICATION NUMBER | |
| Classification number | 005.1, KIM |
| 100 ## - MAIN ENTRY--PERSONAL NAME | |
| Personal name | Kim, Peter |
| 9 (RLIN) | 95201 |
| 245 ## - TITLE STATEMENT | |
| Title | The Hacker Playbook 3 / |
| Remainder of title | Practical Guide To Penetration Testing |
| Statement of responsibility, etc. | by Peter Kim |
| 250 ## - EDITION STATEMENT | |
| Edition statement | Red Team Edition |
| 260 ## - PUBLICATION, DISTRIBUTION, ETC. | |
| Place of publication, distribution, etc. | USA |
| Name of publisher, distributor, etc. | Secure Planet |
| Date of publication, distribution, etc. | 2018 |
| 300 ## - PHYSICAL DESCRIPTION | |
| Extent | ix, 271: pages |
| 505 ## - FORMATTED CONTENTS NOTE | |
| Formatted contents note | Pregame - The Setup (Page-1), Before the Snap - Red Team Recon (Page-23), The throw - Web Application Exploitation (Page-44), The Drive-Compromising the Network (Page-99), The Screen - Social Engineering (Page-173), The Onside Kick -Physical Attacks (Page-191), The Quarterback Sneak - Evading AV and Networks Detection (Page-211), Special Teams - Cracking, Exploits and Tricks (page-240), Two-Minute Drill - From Zero to Hero (Page-256). |
| 942 ## - ADDED ENTRY ELEMENTS (KOHA) | |
| Source of classification or shelving scheme | |
| Koha item type | Book |
| Withdrawn status | Lost status | Source of classification or shelving scheme | Damaged status | Not for loan | Permanent Location | Current Location | Shelving location | Date acquired | Total Checkouts | Full call number | Barcode | Checked out | Date last seen | Date last checked out | Price effective from | Koha item type | Public note |
|---|---|---|---|---|---|---|---|---|---|---|---|---|---|---|---|---|---|
| Military College of Signals (MCS) | Military College of Signals (MCS) | General Stacks | 07/26/2022 | 4 | 005.1,KIM | MCS38370 | 06/12/2026 | 05/13/2026 | 05/13/2026 | 07/26/2022 | Book | Almirah Fresh No.43, Shelf No.4 |
